000 00508nam a2200169 i 4500
001 99492
003 ES-MaACL
005 20230906182515.0
007 t|
008 050912s1928 cu ||||1| spa d
100 1 _aMartínez, José Agustín.
_977763
245 1 3 _aLa criminalidad política /
_cJosé Agustín Martínez.
260 _aLa Habana :
_b[s.n.],
_c1928 (
_fImp. de J. Arroyo)
300 _a264 p. ;
_c23 cm.
500 _aBiblioteca del Colegio de Abogados (Habana)
852 _aES-MaACL
_jF-15498
999 _c99492
_d99492